| 000 | 01486nam a22002535i 4500 | ||
|---|---|---|---|
| 001 | 168131 | ||
| 003 | ES-MaACL | ||
| 005 | 20250719063323.0 | ||
| 008 | 990701s1826 sp df |||| | spa d | ||
| 040 |
_aGA _bspa _cCCPB | 3D |
||
| 100 | 1 |
_aPérez Zaragoza Godínez, Agustín, _dca. 1780- _eaut _9131479 |
|
| 245 | 1 | 0 |
_aNuevo compendio de la mitología : _bo sea ciencia o esplicación [sic] de la fábula, para poder conocer la alegoría de las divinidades del gentilismo : arreglado con claridad y concisión con presencia de los mejores autores que han escrito sobre la materia... / _cpor A. P. Zaragoza Godínez. |
| 246 | 1 | _aCiencia o explicación de la fábula, para poder conocer la alegoría de las divinidades del gentilismo | |
| 260 |
_aMadrid : _b[s.n.], _c1826 _f(Imp. de E. Aguado) |
||
| 300 |
_aXXIV, 201 páginas, 5 hojas de láminas, 2 hojas plegadas ; _c22 cm. |
||
| 530 | _aDisponible en formato digital | ||
| 650 | 4 |
_aMitología. _915092 |
|
| 852 |
_aES-MaACL _cSPP3 _gDedic. ms. de Rafael Álvarez Sereix para la Biblioteca del Ateneo _hDonativo de Rafael Álvarez Sereix _jG-7918 _xPasta con hierros dorados |
||
| 856 |
_uhttps://bdh-rd.bne.es/viewer.vm?id=0000286256&page=1 _yVersión en línea _z(Biblioteca Digital Hispánica) |
||
| 856 |
_uhttps://patrimoniodigital.ucm.es/s/patrimonio/item/690640 _yVersión en línea _z(Patrimonio Digital Complutense) |
||
| 942 |
_2udc _cMONANT _n0 |
||
| 999 |
_c168131 _d168131 |
||